|
|
|
|
| LEADER |
00932nab a2200205 i 4500 |
| 001 |
acta65593 |
| 005 |
20260224081030.0 |
| 008 |
200316s2011 hu o 000 hun d |
| 022 |
|
|
|a 2062-7084
|
| 040 |
|
|
|a SZTE Egyetemi Kiadványok Repozitórium
|b hun
|
| 041 |
|
|
|a hun
|
| 100 |
1 |
|
|a Gordon Agáta
|
| 245 |
1 |
0 |
|a Tóth Eszter Zsófia - Kádár leányai
|h [elektronikus dokumentum] :
|b nők a szocialista időszakban /
|c Gordon Agáta
|
| 260 |
|
|
|c 2011
|
| 300 |
|
|
|a 291-293
|
| 490 |
0 |
|
|a Társadalmi Nemek Tudománya Interdiszciplináris eFolyóirat
|v 1 No. 1
|
| 695 |
|
|
|a Nők helyzete - Magyarország - 1956-1989 - könyvismertetés, Szociológia - nők - Magyarország - könyvismertetés
|
| 700 |
0 |
1 |
|a Tóth Eszter Zsófia
|
| 710 |
|
|
|a A társadalmi nemi viszonyok intézményesülése : A "magyarság" és "nemiség" metszetei (2010) (Szeged)
|
| 856 |
4 |
0 |
|u http://acta.bibl.u-szeged.hu/65593/1/tntef_001_001_291-293.pdf
|z Dokumentum-elérés
|